000 01370nam a2200361 a 4500
001 000012204
003 DO-SdBNP
005 20240927073746.0
007 ta
008 091106s2001 dr 001 0 spa d
040 _aDO-SdBNP
_bspa
_cBNPHU
082 4 _a337.8
_bG633g 2001
_222
100 1 _aGómez Bergés, Víctor,
_d1940-2023
_917774
245 1 0 _aGlobalización y miseria /
_cVíctor Gómez Berges ; prólogo Domingo Cavallo y Joaquín Balaguer.
250 _a2ª ed.
260 _aSanto Domingo :
_bCorripio,
_c2001.
300 _a185 p. ;
_c23 cm.
490 1 _aEstudios Políticos y Sociales.
500 _aIncluye datos biográficos del autor en la solapa de la cubierta.
500 _aIncluye referencias bibliográficas y notas al pie de las páginas
504 _aBibliografía : p. 181-183
590 _aInventariado, 2018/LP
650 0 _aGlobalización
_91524
651 4 _aAmérica Latina
_xCondiciones económicas
_95778
651 4 _aAmérica Latina
_xIntegración económica
_928831
651 4 _aAmérica Latina
_xPolítica y gobierno
_92618
651 4 _aAmérica Latina
_xCondiciones sociales
_95034
700 1 _aCavallo, Domingo,
_epról.
_928832
700 1 _a Balaguer, Joaquín,
_d1906-2002
_epról.
_976556
830 0 _aEstudios políticos y sociales.
_928833
910 _aValidado. Control de calidad EMS
942 _2ddc
_cLBS1
999 _c11869
_d11869